[Event "Mostoles Bicentenary op"]
[Site "Mostoles"]
[Date "2008.05.21"]
[Round "2"]
[White "Corregidor Serrano, Julian"]
[Black "Cortijo Manso, Luis"]
[Result "0-1"]
[WhiteElo "1872"]
[BlackElo "1701"]
[PlyCount "68"]
[EventDate "2008.05.20"]
[EventType "swiss"]
[EventRounds "9"]
[EventCountry "ESP"]
[SourceTitle "CBM 124 Extra"]
[Source "ChessBase"]
[SourceDate "2008.07.03"]
[SourceVersion "1"]
[SourceVersionDate "2008.07.03"]
[SourceQuality "1"]

1. e4 c5 2. Nf3 d6 3. d4 Nf6 4. Nc3 cxd4 5. Nxd4 e6 6. Be3 a6 7. Be2 Be7 8. f3 Qc7 9. Qd2 Bd7 10. 0-0 Nc6 11. Rac1 0-0 12. Kh1 Ne5 13. Nd1 Nc4 14. Qc3 Rac8 15. Bxc4 Qxc4 16. Qxc4 Rxc4 17. b3 Rcc8 18. Nf2 h5 19. Rfd1 Nh7 20. c4 Rc7 21. Nd3 Rfc8 22. Ne2 e5 23. Nb4 Re8 24. Bb6 Rcc8 25. Rd3 f5 26. Nc3 fxe4 27. Nxe4 Bf5 28. Nxd6 Bxd3 29. Nxe8 Bxb4 30. Nc7 Nf6 31. Rd1 e4 32. Ne6 Rc6 33. fxe4 Rxe6 34. Rxd3 Rxb6 0-1

[Event "Mostoles Bicentenary op"]
[Site "Mostoles"]
[Date "2008.05.20"]
[Round "1"]
[White "Estrada Martinez, Cesar"]
[Black "Corregidor Serrano, Julian"]
[Result "1-0"]
[WhiteElo "2253"]
[BlackElo "1872"]
[PlyCount "78"]
[EventDate "2008.05.20"]
[EventType "swiss"]
[EventRounds "9"]
[EventCountry "ESP"]
[SourceTitle "CBM 124 Extra"]
[Source "ChessBase"]
[SourceDate "2008.07.03"]
[SourceVersion "1"]
[SourceVersionDate "2008.07.03"]
[SourceQuality "1"]

1. Nf3 Nf6 2. c4 d6 3. d4 g6 4. Nc3 Bg7 5. e4 0-0 6. Be2 Bg4 7. 0-0 Bxf3 8. Bxf3 Nbd7 9. Be3 e5 10. Re1 Re8 11. d5 Nb6 12. Be2 Nfd7 13. b4 f5 14. f3 f4 15. Bf2 Rf8 16. c5 Nc8 17. Rc1 Rf7 18. a4 Nf6 19. Nb5 Kh8 20. Qc2 Ne8 21. a5 a6 22. Na3 Na7 23. Qa4 Bf6 24. Rc2 Bh4 25. Bxh4 Qxh4 26. Rec1 Qd8 27. b5 axb5 28. Nxb5 Nxb5 29. Qxb5 Kg7 30. c6 bxc6 31. Rxc6 Rd7 32. a6 Ra7 33. Rb1 Nf6 34. Qb8 Qxb8 35. Rxb8 Ng8 36. Rb7 Ra8 37. Rcxc7 Rxc7 38. Rxc7+ Kf6 39. Rd7 Ne7 1-0